000 00717nam a2200241Ia 4500
003 OSt
005 20250718180003.0
008 210423s2005 xx 000 0 und d
020 _a8122901816
040 _cAL
041 _aEnglish
082 _a070.43
_bGREB
100 _aMarilyn Greenwald
_964014
245 _aBig chill
_b: investing reporting in the current media environment
260 _aNew Delhi
_bSurjeeth Publications
_c2005
300 _aix,244p.
_bPB
_c21.3x13.5cm.
365 _b195
_cINR
650 _aJournalism
_964015
650 _aReporting
_964016
700 _aBernt, Joseph
_9219431
906 _aBig ; chill: ; current ; environment. ; investing ; media ; reporting
942 _2ddc
_cBK
999 _c155499
_d155499